Diagnosis of process and impact differences social and classic innovation
Procesy, dopady a úlohy subjektov pri realizácii sociálnych inovácií. Impulzy pre rozvoj teórie, ako aj praxe v oblasti tvorby a realizácie sociálnych inovácií v reálnej praxi.
Gespeichert in:
| 1. Verfasser: | |
|---|---|
| Format: | Buchkapitel |
| Sprache: | Slowakisch |
| Schlagworte: | |
| Tags: |
Keine Tags, Fügen Sie das erste Tag hinzu!
|
MARC
| LEADER | 00000nla a2200000 4500 | ||
|---|---|---|---|
| 001 | 0221077 | ||
| 005 | 20240524073602.1 | ||
| 041 | 0 | |a slo | |
| 044 | |a SK | ||
| 245 | 1 | 0 | |a Diagnosis of process and impact differences social and classic innovation |c Martin Matušovič |
| 520 | |a Procesy, dopady a úlohy subjektov pri realizácii sociálnych inovácií. Impulzy pre rozvoj teórie, ako aj praxe v oblasti tvorby a realizácie sociálnych inovácií v reálnej praxi. | ||
| 610 | 2 | 0 | |a inovácie sociálne |
| 610 | 2 | 0 | |a modely sociálne |
| 610 | 2 | 0 | |a metódy |
| 610 | 2 | 0 | |a marketing sociálny |
| 610 | 2 | 0 | |a procesy sociálne |
| 610 | 2 | 0 | |a kapitál intelektuálny |
| 610 | 2 | 0 | |a vzťahy spoločenské |
| 100 | 1 | |a Matušovič, Martin | |